Periodista con licencia médica (Registro nro. 302661)

Detalles MARC
000 -ENCABEZADO
Número de control [NR] 01058 a2200265 4500
005 - FECHA Y HORA DE LA ÚLTIMA TRANSACCIÓN
control field 20180626110752.0
008 - DE LONGITUD FIJA DE DATOS DE ELEMENTOS - INFORMACIÓN GENERAL
Elementos de longitud fija [NR] 160217s2016 ck c|||fr|||| 000 0 spa d
020 ## - NUMERO INTERNACIONAL NORMALIZADO PARA LIBROS [R]
Número Internacional Normalizado del libro [NR] 9789588869346
040 ## - FUENTE DE CATALOGACION [NR]
Agencia de catalogación original [NR] CO-BoUCM
Idioma de catalogación [NR] spa
Quien Cataloga Saul Niño
Quien Clasifica Saul Niño
041 0# - CODIGO DE IDIOMA [R]
Código de idioma para texto/pista de sonido o título separado [R] Español
100 1# - ASIENTO PRINCIPAL--NOMBRE PERSONAL [NR]
Nombre personal [NR] Abad Gómez, Héctor
Fechas asociadas con el nombre [NR] 1921-1987
ID Autoridad 75537
245 10 - MENCION DE TITULO [NR]
Título [NR] Periodista con licencia médica
Parte restante del título [NR] selección de artículos de prensa
Mención de responsabilidad, etc. [NR] Héctor Abad Gómez ; prólogo y compilación Luz Adriana Ruiz Marín
260 ## - PUBLICACION, DISTRIBUCION, ETC. (PIE DE IMPRENTA) [R]
Fecha de publicación, distribución, etc. [R] 2016
Nombre del editor, distribuidor, etc. [R] Ediciones Unaula
Lugar de publicación, distribución, etc. [R] Medellín (Colombia)
300 ## - DESCRIPCION FISICA [R]
Extensión [R] 157 páginas
Otros detalles físicos [NR] Retrato frontal
490 ## - MENCION DE SERIE [R]
Mención de serie [R] Fundadores
600 1# - ASIENTO SECUNDARIO DE MATERIA - NOMBRE PERSONAL [R]
Nombre personal [NR] Abad Gómez, Hector
Fechas asociadas con el nombre [NR] 1921-1987
Subdivisión general [R] Pensamiento político
9 (RLIN) 75538
650 #7 - ASIENTO SECUNDARIO DE MATERIA - TERMINO TEMATICO [R]
Término temático o nombre geográfico como elemento de entrada [NR] Periodismo
Subdivisión general [R] Aspectos sociales
9 (RLIN) 50774
650 #7 - ASIENTO SECUNDARIO DE MATERIA - TERMINO TEMATICO [R]
9 (RLIN) 15798
Término temático o nombre geográfico como elemento de entrada [NR] Filosofía del periodismo
650 #0 - ASIENTO SECUNDARIO DE MATERIA - TERMINO TEMATICO [R]
9 (RLIN) 39678
Término temático o nombre geográfico como elemento de entrada [NR] Crónicas periodísticas
Subdivisión geográfica [R] Colombia
690 #0 - ASUNTO AGREGADO LOCAL DE ENTRADA - TÉRMINO TEMÁTICO (OCLC, RLIN)
Acceso temático local Periodismo
9 (RLIN) 21340
650 #7 - ASIENTO SECUNDARIO DE MATERIA - TERMINO TEMATICO [R]
9 (RLIN) 15261
Término temático o nombre geográfico como elemento de entrada [NR] Ética social
700 1# - ASIENTO SECUNDARIO - NOMBRE PERSONAL [R]
Nombre personal [NR] Ruiz Marín, Luz Adriana
Término de relación [R] prólogo
9 (RLIN) 75539
942 ## - ELEMENTOS DE ENTRADA AGREGADOS (KOHA)
Sistema de clasificación DEWEY
Tipo de ítem principal el descrito en 300a Libro
Tema principal Comunicación
Edición 1
Clasificación 070.44
Parte restante de la signatura top. A116pe
Existencias
Fecha de último préstamo Total préstamos Signatura topográfica Código de barras Última vez visto Ejemplar Costo de reposición Price effective from Tipo de ítem Perdido Sistema de clasificación Dañado No prestable Tipo de ítem específico Suprimido Ubicación habitual Ubicación actual Localización Fecha de creación Proveedor Forma de adquisición Costo
20/08/2016 1 070.44 A116pe 100148645 05/12/2025 Ej.1 26000.00 08/02/2016 Libro   DEWEY     Libro   Claustro Claustro 2do piso 08/02/2016 12 Donación 0.00